00839cam a2200241 a 4500001000500000005001700005020001800022040002300040050001900063082001400082100001700096245006200113250002800175260005100203300004800254500002100302505000800323520018600331521002000517521002000537650001700557650002300574261620250820085143.0 a9789814281164 aDLCcDLCdDLCbeng00aPZ8.L744b199800a398.209431 aGiles, Jenny14aThe elves and the shoemakers /cIllustrated by O'loughlin aFirst published in 1998 aMelbourne :bCengage Learning Australia,c1998 a32 pages : bcolor illustrations ;c22 cm . a"A Calico book." aK  aA collection of simplified short versions of well known traditional tales. PM Tales and Plays retell the tale in story form and as plays in language that children can actually read. a520 bLexile  aK bRaz-Plus  1aFairy tales. 1aFolklorezGermany.